US States With The Shortest Names - Statistics

General Stats
  • This quiz has been taken 89 times
  • The average score is 16 of 19
Answer Stats
Hint Answer % Correct
O Ohio
97%
I Iowa
95%
A Alaska
92%
U Utah
92%
F Florida
91%
G Georgia
89%
H Hawaii
88%
K Kansas
88%
D Delaware
86%
M Maine
86%
V Vermont
86%
C Colorado
84%
T Texas
84%
L Louisiana
81%
P Pennsylvania
78%
R Rhode Island
78%
W Wyoming
78%
N Nevada
74%
S South Dakota
69%
No matching quizzes found
Score Distribution
Percent of People with Each Score
Percentile by Number Answered
Your Score History
You have not taken this quiz